Designing/Optimization of Torsional Free all Composite UAV Wing by Utilizing Inherent Bending/Torsional Coupling Properties of Composite Materials (Record no. 327431)

000 -LEADER
fixed length control field 00431 a2200121 4500
001 - CONTROL NUMBER
control field 92358
082 ## - DEWEY DECIMAL CLASSIFICATION NUMBER
Classification number PR 2582
090 ## - LOCALLY ASSIGNED LC-TYPE CALL NUMBER (OCLC); LOCAL CALL NUMBER (RLIN)
-- 44327
-- 44328
100 ## - MAIN ENTRY--PERSONAL NAME
Personal name M. Waqas, Prof Haris and Sohail Ahmed (Advisors)
245 ## - TITLE STATEMENT
Title Designing/Optimization of Torsional Free all Composite UAV Wing by Utilizing Inherent Bending/Torsional Coupling Properties of Composite Materials
Number of part/section of a work 79 'A' EC
260 ## - PUBLICATION, DISTRIBUTION, ETC.
Place of publication, distribution, etc. Islamabad
Name of publisher, distributor, etc. NUST
Date of publication, distribution, etc. 2015
300 ## - PHYSICAL DESCRIPTION
Extent x,57p.
942 ## - ADDED ENTRY ELEMENTS (KOHA)
Institution code [OBSOLETE] CAE NUST
Call number prefix PR 2582
Holdings
Withdrawn status Lost status Damaged status Not for loan Collection code Permanent Location Current Location Date acquired Total Checkouts Full call number Barcode Date last seen Price effective from Koha item type
          College of Aeronautical Engineering (CAE) College of Aeronautical Engineering (CAE) 04/03/2017   PR 2582 CAEPR-2582 04/05/2017 04/05/2017 Book
© 2023 Central Library, National University of Sciences and Technology. All Rights Reserved.